| 000 | 03145cam a2200877 4500 | ||
|---|---|---|---|
| 002 | 7274 | ||
| 008 | 030113n2004 000 0 eng u | ||
| 020 | _a1842191578 | ||
| 035 | _a(Sirsi) u122702 | ||
| 041 | _aeng | ||
| 050 |
_a333.332 _c18 |
||
| 110 |
_aRoyal Institution of Chartered Surveyors _94900 |
||
| 245 |
_aIsurv _bvaluation _h[multimedia] |
||
| 260 |
_aLondon _bRICS _c2004- |
||
| 490 | _aRICS Isurv.co.uk Series | ||
| 505 | _aPre-contractual issues | ||
| 505 | _aTerms of engagement | ||
| 505 | _aValuation inspections and investigations | ||
| 505 | _aClient report | ||
| 505 | _aBases and purposes of valuations | ||
| 505 | _aRetail valuation | ||
| 505 | _aOffice valuation | ||
| 505 | _aIndustrial and distribution properties | ||
| 505 | _aPlant and machinery | ||
| 505 | _aMinerals and waste management | ||
| 505 | _aGolf courses | ||
| 505 | _aGarden centres | ||
| 505 | _aCinemas | ||
| 505 | _aNightclubs | ||
| 505 | _aPublic houses | ||
| 505 | _aRestaurants | ||
| 505 | _aHotels | ||
| 505 | _aDoctors' surgeries | ||
| 505 | _aCare sector | ||
| 505 | _aPetrol filling stations | ||
| 505 | _aVehicle dealerships | ||
| 505 | _aEnvironmental appraisal | ||
| 505 | _aTelecoms | ||
| 505 | _aStudent Accomodation | ||
| 505 | _aVineyards | ||
| 520 | _aThe isurv valuation channel provides practice guidance on all aspects of carrying out valuations in commercial property. With step-by-step guidance that focuses on the different type of property and the issues involved in valuing them. Isurv valuation also includes the full text of the Red Book online. Updated regularly covering new legal developments, case law, changes in best practice and new issues. | ||
| 520 | _aSubscribers to "Isurv valuation" will be able to access it at www.isurv.co.uk using the username and password issued to you. Other RICS members will be able to use it via the public access terminals in the RICS Library - please ask Library Staff for details. | ||
| 650 |
_aValuation _96273 |
||
| 650 | 2 | 4 | _aRICS appraisal and valuation standards |
| 650 | _aASSET VALUATION | ||
| 650 | _aASSETS | ||
| 650 | _aVALUATION REPORTS | ||
| 650 | _aPROPERTY-COMMERCIAL PROPERTY | ||
| 690 | _aPROPERTY-PROPERTY APPRAISAL AND VALUATION | ||
| 700 | _aAustin, Russell | ||
| 700 | _aBaldwin, Richard | ||
| 700 | _aBarber, Amanda | ||
| 700 | _aBourne, Kerry | ||
| 700 | _aBredemear, Amanda | ||
| 700 | _aCreevy, Alan | ||
| 700 | _aCroydon, Bob | ||
| 700 | _aForrest, Huw | ||
| 700 | _aGershinson, Jon | ||
| 700 | _aGilham, Barry | ||
| 700 | _aGreville-Heygate, Charles | ||
| 700 | _aHayward, John | ||
| 700 | _aHessel, Chris | ||
| 700 | _aKing, Clive | ||
| 700 | _aMackmin, David | ||
| 700 | _aNicholl, John | ||
| 700 | _aQuinton Smith, S. | ||
| 700 | _aRichmond, N. | ||
| 700 | _aSidwell, Andrew | ||
| 700 | _aStack, Ronan | ||
| 700 | _aVincent, Peter | ||
| 700 | _aArthurs, Richard | ||
| 700 | _aOrrettt, Robert | ||
| 700 | _aWyatt, Peter | ||
| 856 |
_uhttps://www.rbprofessional.com _zAccess "Isurv valuation" using your username and password... |
||
| 942 | _n0 | ||
| 999 |
_c102915 _d102915 |
||